• 首页
  • 本馆介绍
  • 公告通知
  • 最新文献
  • 馆藏检索
  • 电子资源
  • 读者导购
  • 参考咨询
  • 我的图书馆
  • 登录
  • 详细信息显示
  • 放入我的书架
  • 预约/预借图书
  • 作者相关作品
  • 分类相关作品
  • 丛书相关作品
  • 出版社相关作品

书目信息

  • 表格格式
  • 工作单格式
  • 卡片格式
题名:
从灵魂到心理
    
 
作者: 美爱德华·S·里德 ;李丽
分册:  
出版信息: 北京   生活·读书·新知三联书店  2001
页数: 307页
开本: 20cm
丛书名:
单 册:
中图分类: B84.09
科图分类:
主题词: 心理学
电子资源:
ISBN: 7-108-01537-4
000 00596nam0 2200193 450
001 0728815141
005 20070819080015.14
010    @a7-108-01537-4@d¥18.50
100    @a20070819d km y0chiy0120 ea
101 0  @achi
200 1  @a从灵魂到心理@Acong ling hun dao xin li@f[美]爱德华·S·里德@F[mei]ai de hua·S·li de@g李丽@Gli li
210    @a北京@c生活·读书·新知三联书店@d2001
215    @a307页@d20cm
606 0  @a心理学
690    @aB84.09@v3
701  0 @a美爱德华·S·里德@Amei ai de hua·S·li de
702  0 @a李丽@Ali li
801  0 @aCN@bPFT@c20070819
905    @a213230@dB84.09@eZW6@f1
    
    从灵魂到心理/[美]爱德华·S·里德/李丽.-北京:生活·读书·新知三联书店,2001
    307页;20cm
    
    
    ISBN 7-108-01537-4:¥18.50
    
●
相关链接 在E读中查询图书 在五车中查询图书 在当当中查询图书 在豆瓣中查询图书


正题名:从灵魂到心理     索取号:B84.09/ZW6         预约/预借

序号 登录号 条形码 馆藏地/架位号 状态 备注
1 7600906   276009061   密集书库-文学院/ [索取号:B84.09/ZW6] 在馆    
唐山师范学院图书馆 欢迎您!
大连网信软件有限公司© 版权所有